Energy and power risk management: new developments in modeling, pricing, and hedging
Guardat en:
| Autors principals: | , |
|---|---|
| Format: | Llibre |
| Idioma: | anglès |
| Publicat: |
Hoboken
John Wiley and Sons
2003
|
| Matèries: | |
| Etiquetes: |
Afegir etiqueta
Sense etiquetes, Sigues el primer a etiquetar aquest registre!
|
MARC
| LEADER | 00000nam a2200000 a 4500 | ||
|---|---|---|---|
| 001 | UCK6377 | ||
| 003 | CL-VaPUC | ||
| 008 | 050930e20030000us |||||||||||||||||eng|d | ||
| 020 | |a 0471104000 | ||
| 082 | 0 | 4 | |a 333.7965 |b EYD |2 21 |
| 100 | 0 | |a Eydeland, Alexander |e author |9 495559 | |
| 700 | 0 | |a Wolyniec, Krzysztof |e author |9 495560 | |
| 245 | 1 | 0 | |a Energy and power risk management: new developments in modeling, pricing, and hedging |
| 300 | |a 490 p | ||
| 942 | |c BK | ||
| 945 | |d 20050930 00:00:00 |a cmena | ||
| 260 | |a Hoboken |b John Wiley and Sons |c 2003 | ||
| 650 | 0 | |a Energía |9 259431 | |
| 650 | 0 | |a Industrias |9 263688 | |
| 650 | 0 | |a Prevención de riesgos |9 387495 | |
| 650 | 0 | |a Planificación estratégica |9 259735 | |
| 650 | 0 | |a Precios |9 260787 | |
| 583 | |a last modification |c 20171116 02:18:41 |k Rodrigo Vera | ||
| 999 | |c 314664 |d 314662 | ||
| 952 | |0 0 |1 0 |4 0 |6 333_796500000000000_EYD_2003 |7 0 |8 A |9 387277 |a BIBING |b BIBING |d 2019-11-22 |i 4169476 |o 333.7965 EYD 2003 |p 4169476 |r 2025-01-20 |w 2019-11-22 |y BK |k EIE | ||